|
|
|
|
| LEADER |
01497nam a2200349 a 4500 |
| 001 |
227139 |
| 003 |
BD-DhAAL |
| 008 |
091110s1992 ii a 000 d eng d |
| 010 |
|
|
|a 99193627
|
| 020 |
|
|
|a 195607120
|
| 040 |
|
|
|a DLC
|c DLC
|d DLC
|d BD-DhAAL
|
| 082 |
0 |
0 |
|a 822.3/3
|2 21
|
| 100 |
1 |
|
|a Shakespeare, William,
|d 1564-1616.
|
| 245 |
1 |
0 |
|a Julius Caesar /
|c edited by Ralph E. C. Houghton.
|
| 260 |
|
|
|a Delhi :
|b Oxford University Press,
|c c1992.
|
| 300 |
|
|
|a 192 pages :
|b illustrations ;
|c 28 cm.
|
| 541 |
1 |
|
|e 00019532
|
| 600 |
1 |
0 |
|a Shakespeare, William,
|d 1564-1616.
|t Julius Caesar
|v Problems, exercises, etc.
|9 59967
|
| 600 |
1 |
0 |
|a Caesar, Julius
|x Assassination
|v Drama.
|9 59968
|
| 600 |
1 |
0 |
|a Brutus, Marcus Junius,
|d 85?-42 B.C.
|v Drama.
|9 59969
|
| 600 |
1 |
1 |
|a Shakespeare, William,
|d 1564-1616.
|t Julius Caesar.
|9 59970
|
| 650 |
|
0 |
|a Conspiracies
|v Drama.
|9 55870
|
| 650 |
|
0 |
|a Assassins
|v Drama.
|9 59971
|
| 650 |
|
1 |
|a Plays.
|
| 651 |
|
0 |
|a Rome
|x History
|y Civil War, 43-31 B.C.
|v Drama.
|9 59972
|
| 655 |
|
7 |
|a Tragedies.
|2 gsafd
|
| 700 |
1 |
|
|a Houghton, Ralph E. C.
|9 59973
|
| 800 |
1 |
|
|a Shakespeare, William,
|d 1564-1616.
|t Shakespeare parallel text series revised.
|9 59974
|
| 852 |
4 |
|
|a Ayesha Abed Library
|j General Shelf
|
| 942 |
|
|
|2 ddc
|c BK
|
| 999 |
|
|
|c 5342
|d 5342
|
| 952 |
|
|
|0 0
|1 0
|2 ddc
|4 0
|6 822_330000000000000_SHA
|7 0
|9 5204
|a BRACUL
|b BRACUL
|c GEN
|d 2009-11-05
|e Rupa Chakroborty
|l 4
|m 22
|o 822.33 SHA
|p 3010019532
|r 2025-12-14
|s 2025-10-07
|t 1
|w 2009-11-10
|y BK
|x Transferred from ENH to Ayesha Abed library on 20/12/2023
|